000 00274nam a2200133Ia 4500
100 _aKarve & Shah
942 _cBK
654 _aPhysics
245 _aSecond Course In Ele. Physics
260 _bS.Chand & Co.
_c2001
082 _a530
300 _a744
546 _aENGLISH
999 _c24976
_d24976